000 00708nam a2200289Ia 4500
005 20260324124711.0
008 008 260324s9999 xx 000 0 eng d
020 _a9781315607085
037 _aEBOOK
040 _aCRL
040 _beng
040 _cCRL
041 _2eng
041 _aeng
084 _qCRL
100 _aGeoffrey Smith
_91175172
245 0 _aRoyalist Agents, Conspirators and Spies
245 0 _bTheir Role in the British Civil Wars, 1640–1660
260 _bTaylor and Francis
260 _c2010
365 _a
365 _b255
856 _uhttp://www.taylorfrancis.com/books/9781315607085
942 _cEBOOK
999 _c1769769
_d1769769